Manual de análisis económico del derecho civil
Zapisane w:
| Główni autorzy: | , |
|---|---|
| Format: | Książka |
| Język: | hiszpański |
| Wydane: |
Madrid
Tecnos
1991
|
| Seria: | Biblioteca Universitaria
|
| Hasła przedmiotowe: | |
| Etykiety: |
Dodaj etykietę
Nie ma etykietki, Dołącz pierwszą etykiete!
|
MARC
| LEADER | 00000nam a2200000 a 4500 | ||
|---|---|---|---|
| 001 | UCL9578 | ||
| 003 | CL-VaPUC | ||
| 008 | 040813e19910000SP |||||||||||||||||spa|d | ||
| 020 | |a 8430919767 | ||
| 082 | 0 | 4 | |a 346.001 |b SCH |2 21 |
| 100 | 0 | |a Schäfer, Hans-Bernd |e author |9 487459 | |
| 700 | 0 | |a Ott, Claus |e author |9 487460 | |
| 245 | 1 | 0 | |a Manual de análisis económico del derecho civil |
| 300 | |a 371 p | ||
| 942 | |c BK | ||
| 945 | |d 20040813 00:00:00 |a cmena | ||
| 260 | |a Madrid |b Tecnos |c 1991 | ||
| 650 | 0 | |a Derecho civil |9 255013 | |
| 650 | 0 | |a Filosofía del derecho |9 255050 | |
| 650 | 7 | |a RESPONSABILIDAD CIVIL |2 CL-VaPUC |9 487461 | |
| 650 | 0 | |a Contratos |9 255153 | |
| 583 | |a last modification |c 20040813 00:00:00 |k Rodrigo Vera | ||
| 490 | 0 | |a Biblioteca Universitaria | |
| 999 | |c 310323 |d 310321 | ||
| 952 | |0 0 |1 0 |4 0 |6 346_001000000000000_SCH_1991 |7 0 |8 A |9 378622 |a BIBDER |b BIBDER |d 2019-11-21 |i 4046285 |l 1 |o 346.001 SCH 1991 |p 4046285 |r 2023-01-25 |s 2022-10-12 |w 2019-11-21 |y BK |k DER | ||